| 000 | 00562nam a2200217 a 4500 | ||
|---|---|---|---|
| 999 |
_c4290 _d4290 |
||
| 001 | 4290 | ||
| 003 | BD-JhCC | ||
| 005 | 20171126085406.0 | ||
| 008 | 171125b1956 e |||| || | 001 0 eng d | ||
| 035 | _a(BD-JhCC)4290 | ||
| 040 |
_aBD-JhCC _dBD-JhCC |
||
| 041 | _aeng | ||
| 082 |
_a299.31 _bTOY 1956 |
||
| 100 | _aToynbee, Arnold | ||
| 245 |
_aAn Historian's Approach to religion / _cArnold Toynbee |
||
| 260 |
_aToronto : _bOxford University Press, _c1956. |
||
| 300 |
_a296 p. : _bill. ; _c21 cm. |
||
| 650 | _aReligion | ||
| 942 |
_2ddc _cBK |
||